| 000 | 00668nam a2200193Ia 4500 | ||
|---|---|---|---|
| 008 | 190805s9999||||xx |||||||||||||| ||und|| | ||
| 020 |
_a9780851747330 _c£ 60.00 |
||
| 082 | 0 | 4 |
_a623.89 _bN5147 V.2 |
| 100 | 1 | _aNicholls, A. E. | |
| 245 | 1 | 0 |
_aNicholls's Concise Guide to the Navigation Examinations. Vol. 2 / _cfirst revision by H. H. Brown ; revised by Edward J. Coolen. |
| 250 | _a12th ed. | ||
| 260 |
_aGlasgow : _bBrown, Son & Ferguson Ltd, _c2006 |
||
| 300 |
_axx, 492 p. _b : ill., maps _c; 24 cm. |
||
| 650 | 0 |
_aNavigation _xExaminations, questions, etc. |
|
| 700 | 1 | _aBrown, H. H. | |
| 700 | 1 | _aCoolen, Edward J. | |
| 942 | _cRT | ||
| 999 |
_c249 _d249 |
||